Retail marketing management : (Record no. 21835)

MARC details
000 -LEADER
fixed length control field 00842cam a22002655a 4500
001 - CONTROL NUMBER
control field 18583780
005 - DATE AND TIME OF LATEST TRANSACTION
control field 20160601105424.0
008 - FIXED-LENGTH DATA ELEMENTS--GENERAL INFORMATION
fixed length control field 150420s2015 enka frbd 001 0 eng d
020 ## - INTERNATIONAL STANDARD BOOK NUMBER
International Standard Book Number 9780273758747
040 ## - CATALOGING SOURCE
Original cataloging agency DLC
Language of cataloging eng
Transcribing agency DLC
Modifying agency EG-ScBUE
082 04 - DEWEY DECIMAL CLASSIFICATION NUMBER
Edition number 22
Classification number 658.87
Item number GOW
100 1# - MAIN ENTRY--PERSONAL NAME
Personal name Goworek, Helen.
9 (RLIN) 40105
245 10 - TITLE STATEMENT
Title Retail marketing management :
Remainder of title principles and practice /
Statement of responsibility, etc Helen Goworek & Peter McGoldrick.
260 ## - PUBLICATION, DISTRIBUTION, ETC. (IMPRINT)
Place of publication, distribution, etc Harlow :
Name of publisher, distributor, etc Pearson Education Limited,
Date of publication, distribution, etc 2015.
300 ## - PHYSICAL DESCRIPTION
Extent xvii, 350 p. :
Other physical details ill. ;
Dimensions 28 cm.
500 ## - GENERAL NOTE
General note Glossary : p. 331-336.
500 ## - GENERAL NOTE
General note Index : p. 337-350.
504 ## - BIBLIOGRAPHY, ETC. NOTE
Bibliography, etc Includes bibliographical references.
650 #7 - SUBJECT ADDED ENTRY--TOPICAL TERM
Topical term or geographic name as entry element Marketing
General subdivision Management.
Source of heading or term BUEsh
9 (RLIN) 3301
650 #0 - SUBJECT ADDED ENTRY--TOPICAL TERM
Topical term or geographic name as entry element Retail trade.
Source of heading or term BUEsh
651 ## - SUBJECT ADDED ENTRY--GEOGRAPHIC NAME
Source of heading or term BUEsh
653 ## - INDEX TERM--UNCONTROLLED
Resource For college BAEPS, Business Administration
Arrived date list May2016
700 1# - ADDED ENTRY--PERSONAL NAME
Personal name McGoldrick, Peter J.
942 ## - ADDED ENTRY ELEMENTS (KOHA)
Source of classification or shelving scheme Dewey Decimal Classification
Holdings
Withdrawn status Item status Source of classification or shelving scheme Damaged status Not for loan Vendor Home library Current library Shelving location Date acquired Source of acquisition Cost, normal purchase price Total Checkouts Total Renewals Full call number Barcode Date last seen Date last borrowed Cost, replacement price Koha item type
    Dewey Decimal Classification     Baccah Central Library Central Library First floor 01/06/2016 Purchase 390.00 7 4 658.87 GOW 000032617 15/07/2025 28/03/2022 487.50 Book - Borrowing